[Event "Montcalm op 4 2016-17"]
[Site "Quebec CAN"]
[Date "2017.01.12"]
[Round "1"]
[White "Sarra-Bournet, Marc"]
[Black "Lacerte, Kevin"]
[Result "1-0"]
[WhiteElo "1860"]
[BlackElo "1551"]
[WhiteFideId "-1"]
[WhiteFideId "-1"]
[PlyCount "66"]
[GameId "2160767908474886"]
[EventDate "2017.01.12"]
[EventType "swiss"]
[EventRounds "5"]
[EventCountry "CAN"]
[SourceTitle "EXT 2022"]
[Source "ChessBase"]
[SourceDate "2021.10.06"]
[SourceVersion "1"]
[SourceVersionDate "2021.10.06"]
[SourceQuality "1"]

1. e4 c5 2. Nc3 Nc6 3. f4 d6 4. Nf3 Bg4 5. Bc4 e6 6. f5 Nf6 7. d3 a6 8. fxe6 fxe6 9. O-O Be7 10. a4 Ne5 11. Bb3 Nxf3+ 12. gxf3 Bh3 13. Rf2 d5 14. e5 Nd7 15. Bf4 O-O 16. Bg3 Bh4 17. Qe2 Bxg3 18. hxg3 Qg5 19. g4 Nxe5 20. Kh1 Rf6 21. Rg1 Ng6 22. Rh2 Nf4 23. Qd2 Raf8 24. Ne2 Rh6 25. Nxf4 Qxf4 26. Qxf4 Rxf4 27. Rg3 Bf1 28. Rxh6 gxh6 29. Kg1 Be2 30. Kf2 Bd1 31. Ke3 Rf6 32. f4 h5 33. gxh5+ Bg4 1-0

[Event "Montcalm op 4 2016-17"]
[Site "Quebec CAN"]
[Date "2017.01.12"]
[Round "1"]
[White "Stoyanova, Stela"]
[Black "Abran, David"]
[Result "0-1"]
[WhiteElo "1533"]
[BlackElo "1856"]
[WhiteFideId "-1"]
[WhiteFideId "-1"]
[PlyCount "60"]
[GameId "2160767908474887"]
[EventDate "2017.01.12"]
[EventType "swiss"]
[EventRounds "5"]
[EventCountry "CAN"]
[SourceTitle "EXT 2022"]
[Source "ChessBase"]
[SourceDate "2021.10.06"]
[SourceVersion "1"]
[SourceVersionDate "2021.10.06"]
[SourceQuality "1"]

1. d3 c5 2. Nf3 Nc6 3. c3 d5 4. h3 e5 5. g4 Be7 6. Bg2 Be6 7. Na3 Nf6 8. g5 Nd7 9. O-O O-O 10. e4 Nb6 11. Bd2 f6 12. h4 Qd7 13. Kh2 Kh8 14. h5 Bg4 15. Qc1 Bxh5 16. Rh1 fxg5 17. Nxg5 Rxf2 18. Kg1 Raf8 19. Bh3 Bg4 20. Bg2 Bxg5 21. Bxg5 Rxg2+ 22. Kxg2 Bf3+ 23. Kh2 Bxh1 24. Qxh1 Rf2+ 25. Kg3 Qf7 26. Be3 Rf6 27. Bg5 Rg6 28. Kh4 Qf2+ 29. Kh5 Rxg5+ 30. Kxg5 Qf4+ 0-1

[Event "Montcalm op 4 2016-17"]
[Site "Quebec CAN"]
[Date "2017.01.19"]
[Round "2"]
[White "Abran, David"]
[Black "Chabot, Sebastien"]
[Result "1-0"]
[WhiteElo "1856"]
[BlackElo "1241"]
[WhiteFideId "-1"]
[WhiteFideId "-1"]
[PlyCount "59"]
[GameId "2160767908474889"]
[EventDate "2017.01.12"]
[EventType "swiss"]
[EventRounds "5"]
[EventCountry "CAN"]
[SourceTitle "EXT 2022"]
[Source "ChessBase"]
[SourceDate "2021.10.06"]
[SourceVersion "1"]
[SourceVersionDate "2021.10.06"]
[SourceQuality "1"]

1. d4 d5 2. c4 e6 3. Nc3 Nf6 4. Nf3 dxc4 5. e3 Bb4 6. Bxc4 c6 7. O-O O-O 8. Qe2 Nbd7 9. Rd1 Qc7 10. e4 b5 11. Bd3 e5 12. dxe5 Nxe5 13. Bf4 Bg4 14. Bxe5 Bxf3 15. Bxc7 Bxe2 16. Nxe2 Rac8 17. Bg3 a5 18. Rac1 h5 19. e5 Ng4 20. Bf5 Rce8 21. Bxg4 hxg4 22. Rxc6 a4 23. a3 Ba5 24. Nf4 Ra8 25. e6 f6 26. Nd5 Rfd8 27. Bc7 Bxc7 28. Rxc7 Rd6 29. Ne7+ Kh7 30. Rxd6 1-0

[Event "Montcalm op 4 2016-17"]
[Site "Quebec CAN"]
[Date "2017.01.19"]
[Round "2"]
[White "Auger, Bertrand"]
[Black "Pare, Marc"]
[Result "0-1"]
[WhiteElo "2008"]
[BlackElo "2055"]
[WhiteFideId "-1"]
[WhiteFideId "-1"]
[PlyCount "52"]
[GameId "2160767908474890"]
[EventDate "2017.01.12"]
[EventType "swiss"]
[EventRounds "5"]
[EventCountry "CAN"]
[SourceTitle "EXT 2022"]
[Source "ChessBase"]
[SourceDate "2021.10.06"]
[SourceVersion "1"]
[SourceVersionDate "2021.10.06"]
[SourceQuality "1"]

1. Nf3 d5 2. g3 Nf6 3. Bg2 e6 4. O-O c5 5. c4 Nc6 6. cxd5 exd5 7. d4 h6 8. Nc3 Be6 9. dxc5 Bxc5 10. Na4 Bd6 11. Be3 O-O 12. Rc1 Qe7 13. Nd4 Rac8 14. Nb5 b6 15. Nxd6 Qxd6 16. a3 Rfd8 17. Bd4 Nxd4 18. Qxd4 Rc4 19. Rxc4 dxc4 20. Qxd6 Rxd6 21. Nc3 Rd2 22. e4 Rxb2 23. Rd1 Rb3 24. Rd8+ Kh7 25. e5 Rxc3 26. exf6 Rc1+ 0-1

[Event "Montcalm op 4 2016-17"]
[Site "Quebec CAN"]
[Date "2017.01.19"]
[Round "2"]
[White "Beaudoin, Stephane"]
[Black "Lamontagne, Danny"]
[Result "1-0"]
[WhiteElo "2105"]
[BlackElo "1917"]
[WhiteFideId "-1"]
[WhiteFideId "-1"]
[PlyCount "45"]
[GameId "2160767908474891"]
[EventDate "2017.01.12"]
[EventType "swiss"]
[EventRounds "5"]
[EventCountry "CAN"]
[SourceTitle "EXT 2022"]
[Source "ChessBase"]
[SourceDate "2021.10.06"]
[SourceVersion "1"]
[SourceVersionDate "2021.10.06"]
[SourceQuality "1"]

1. e4 c5 2. Nf3 g6 3. Bc4 Nc6 4. O-O Bg7 5. c3 e6 6. d4 cxd4 7. Bf4 e5 8. Bg3 Nge7 9. cxd4 exd4 10. Nbd2 O-O 11. Bd6 Na5 12. Rc1 Nxc4 13. Nxc4 b5 14. Nce5 Bb7 15. Qd3 Re8 16. Qb3 Rf8 17. Rc7 Bc6 18. Rc1 Bf6 19. Nxc6 Nxc6 20. e5 Bg7 21. Qd5 Re8 22. R1xc6 Re6 23. Rc1 1-0

[Event "Montcalm op 4 2016-17"]
[Site "Quebec CAN"]
[Date "2017.01.19"]
[Round "2"]
[White "Cummins, Paul"]
[Black "Sarra-Bournet, Marc"]
[Result "1/2-1/2"]
[WhiteElo "1735"]
[BlackElo "1860"]
[WhiteFideId "-1"]
[WhiteFideId "-1"]
[PlyCount "71"]
[GameId "2160767908474892"]
[EventDate "2017.01.12"]
[EventType "swiss"]
[EventRounds "5"]
[EventCountry "CAN"]
[SourceTitle "EXT 2022"]
[Source "ChessBase"]
[SourceDate "2021.10.06"]
[SourceVersion "1"]
[SourceVersionDate "2021.10.06"]
[SourceQuality "1"]

1. e4 e5 2. Nf3 Nc6 3. Bc4 Bc5 4. c3 Nf6 5. d4 exd4 6. cxd4 Bb4+ 7. Nc3 Nxe4 8. O-O d5 9. Bxd5 Nxc3 10. Bxc6+ bxc6 11. bxc3 Be7 12. Ne5 Qd5 13. Re1 O-O 14. Nxc6 Qxc6 15. Rxe7 Bb7 16. f3 Qxc3 17. Bf4 Bd5 18. Rxc7 Qa3 19. Rc5 Be6 20. Bc1 Qb4 21. a3 Qb6 22. Be3 Rfe8 23. Qd2 Qb3 24. Rac1 Qxa3 25. Bh6 f6 26. Bf4 Bf7 27. d5 Red8 28. d6 Be6 29. Qe1 Bd7 30. Qg3 Qd3 31. R5c3 Qd5 32. Qf2 a5 33. Rc5 Qb3 34. R5c3 Qb4 35. Rc4 Qb5 36. Rc5 1/2-1/2

[Event "Montcalm op 4 2016-17"]
[Site "Quebec CAN"]
[Date "2017.01.19"]
[Round "2"]
[White "Fecteau, Martin"]
[Black "Genest, Dominic"]
[Result "1-0"]
[WhiteElo "1900"]
[BlackElo "1684"]
[WhiteFideId "-1"]
[WhiteFideId "-1"]
[PlyCount "127"]
[GameId "2160767908474894"]
[EventDate "2017.01.12"]
[EventType "swiss"]
[EventRounds "5"]
[EventCountry "CAN"]
[SourceTitle "EXT 2022"]
[Source "ChessBase"]
[SourceDate "2021.10.06"]
[SourceVersion "1"]
[SourceVersionDate "2021.10.06"]
[SourceQuality "1"]

1. Nf3 c5 2. g3 Nf6 3. c4 g6 4. Bg2 Bg7 5. O-O Nc6 6. d4 cxd4 7. Nxd4 O-O 8. Nc3 a6 9. Nc2 d6 10. e4 Bd7 11. Ne3 Rc8 12. Rb1 Ne5 13. Qe2 Bc6 14. f4 Ned7 15. Ned5 e6 16. Nxf6+ Nxf6 17. Be3 Qc7 18. Rbc1 b5 19. cxb5 axb5 20. Nxb5 Bxb5 21. Qxb5 Rb8 22. Rxc7 Rxb5 23. Bd4 Rb4 24. Bc3 Ra4 25. Rd1 Rxa2 26. Rc6 Ra4 27. b4 d5 28. e5 Nd7 29. Rb1 Rb8 30. Bf1 Bf8 31. b5 Bc5+ 32. Kh1 Ra3 33. Be1 Bb6 34. Bb4 Ra2 35. Rbc1 Kg7 36. Bd6 Rba8 37. R6c2 Rxc2 38. Rxc2 Ra1 39. Kg2 Ba5 40. Bc7 Bxc7 41. Rxc7 Nb6 42. Rc6 Nc4 43. Bxc4 dxc4 44. Rxc4 Rb1 45. Rc5 Kf8 46. Kf3 Ke7 47. Kg4 h6 48. Rc7+ Ke8 49. Rb7 Rb2 50. h4 Rb3 51. b6 h5+ 52. Kg5 Rxg3+ 53. Kf6 Rg4 54. Rb8+ Kd7 55. Kxf7 Rxf4+ 56. Kxg6 Rxh4 57. Rf8 Rb4 58. Rf7+ Kc6 59. Kxh5 Rxb6 60. Kg5 Rb4 61. Kf6 Kd5 62. Rd7+ Ke4 63. Re7 Rb3 64. Kxe6 1-0

[Event "Montcalm op 4 2016-17"]
[Site "Quebec CAN"]
[Date "2017.01.19"]
[Round "2"]
[White "Lacerte, Kevin"]
[Black "Le Huu, Pascal"]
[Result "1-0"]
[WhiteElo "1551"]
[BlackElo "1232"]
[WhiteFideId "-1"]
[WhiteFideId "-1"]
[PlyCount "55"]
[GameId "2160767908474895"]
[EventDate "2017.01.12"]
[EventType "swiss"]
[EventRounds "5"]
[EventCountry "CAN"]
[SourceTitle "EXT 2022"]
[Source "ChessBase"]
[SourceDate "2021.10.06"]
[SourceVersion "1"]
[SourceVersionDate "2021.10.06"]
[SourceQuality "1"]

1. e4 e5 2. Nf3 Nf6 3. Nxe5 Nxe4 4. Qf3 Nf6 5. Bc4 d5 6. Bb3 Be6 7. O-O c6 8. Nc3 Nbd7 9. d4 Nxe5 10. dxe5 Ng4 11. Qe2 f6 12. h3 Nxe5 13. f4 Bc5+ 14. Kh1 O-O 15. fxe5 fxe5 16. Bd2 e4 17. Nxe4 Bb6 18. Rxf8+ Kxf8 19. Bb4+ Kg8 20. Rf1 Qd7 21. Ng5 Bxh3 22. gxh3 c5 23. Ba4 Qxa4 24. Qe6+ Kh8 25. Nf7+ Kg8 26. Nh6+ Kh8 27. Qg8+ Rxg8 28. Nf7# 1-0

[Event "Montcalm op 4 2016-17"]
[Site "Quebec CAN"]
[Date "2017.01.19"]
[Round "2"]
[White "Lessard, Claude"]
[Black "Cournoyer, Dominic"]
[Result "1-0"]
[WhiteElo "2174"]
[BlackElo "1923"]
[WhiteFideId "-1"]
[WhiteFideId "-1"]
[PlyCount "93"]
[GameId "2160767908474896"]
[EventDate "2017.01.12"]
[EventType "swiss"]
[EventRounds "5"]
[EventCountry "CAN"]
[SourceTitle "EXT 2022"]
[Source "ChessBase"]
[SourceDate "2021.10.06"]
[SourceVersion "1"]
[SourceVersionDate "2021.10.06"]
[SourceQuality "1"]

1. d4 d5 2. e4 dxe4 3. Nc3 Nf6 4. f3 c5 5. Bb5+ Bd7 6. dxc5 e6 7. Be3 Qc7 8. Qe2 Bxc5 9. Bxc5 Qxc5 10. fxe4 Nc6 11. Nf3 a6 12. Ba4 b5 13. e5 Nxe5 14. Qxe5 Qxe5+ 15. Nxe5 bxa4 16. Nxd7 Kxd7 17. O-O-O+ Kc7 18. Nxa4 Rhd8 19. Rhf1 Rxd1+ 20. Rxd1 Rb8 21. Nc5 Rb6 22. b4 Kc6 23. a3 Kb5 24. Kb2 a5 25. Kb3 axb4 26. axb4 Kc6 27. c4 Rb8 28. Nd3 Nd7 29. b5+ Kc7 30. Kb4 e5 31. c5 f6 32. Ra1 e4 33. Nf4 Ne5 34. Ra7+ Kc8 35. Rxg7 Nc6+ 36. Kc4 Ne5+ 37. Kd4 Rxb5 38. Kxe4 Rxc5 39. Rxh7 Nd7 40. g3 Re5+ 41. Kd4 Kd8 42. h4 Ke8 43. h5 Nf8 44. Rh8 Rg5 45. Rxf8+ Ke7 46. Ra8 Rxg3 47. h6 1-0

[Event "Montcalm op 4 2016-17"]
[Site "Quebec CAN"]
[Date "2017.01.19"]
[Round "2"]
[White "Ripoll, Arthur"]
[Black "Lapierre, Gaetan"]
[Result "0-1"]
[WhiteElo "1722"]
[BlackElo "1942"]
[WhiteFideId "-1"]
[WhiteFideId "-1"]
[PlyCount "61"]
[GameId "2160767908474897"]
[EventDate "2017.01.12"]
[EventType "swiss"]
[EventRounds "5"]
[EventCountry "CAN"]
[SourceTitle "EXT 2022"]
[Source "ChessBase"]
[SourceDate "2021.10.06"]
[SourceVersion "1"]
[SourceVersionDate "2021.10.06"]
[SourceQuality "1"]

1. e4 c6 2. d4 d5 3. e5 Bf5 4. h4 h6 5. g4 Bd7 6. h5 e6 7. Bd3 c5 8. c3 Nc6 9. Nf3 Qb6 10. Be2 Rc8 11. a3 f6 12. Qd3 fxe5 13. Qg6+ Kd8 14. dxe5 Nge7 15. Qf7 a5 16. O-O a4 17. Qf4 g6 18. hxg6 Nxg6 19. Qf6+ Be7 20. Qxg6 Kc7 21. Bf4 Rcg8 22. Qd3 Rxg4+ 23. Bg3 c4 24. Qe3 Qxe3 25. fxe3 Rxg3+ 26. Kf2 Rhg8 27. Nbd2 Rg2+ 28. Ke1 Bc5 29. Rh1 Bxe3 30. Rxh6 Bxh6 31. Nh4 0-1

[Event "Montcalm op 4 2016-17"]
[Site "Quebec CAN"]
[Date "2017.01.26"]
[Round "3"]
[White "Chabot, Sebastien"]
[Black "Lacerte, Kevin"]
[Result "0-1"]
[WhiteElo "1241"]
[BlackElo "1551"]
[WhiteFideId "-1"]
[WhiteFideId "-1"]
[PlyCount "80"]
[GameId "2160767908474898"]
[EventDate "2017.01.12"]
[EventType "swiss"]
[EventRounds "5"]
[EventCountry "CAN"]
[SourceTitle "EXT 2022"]
[Source "ChessBase"]
[SourceDate "2021.10.06"]
[SourceVersion "1"]
[SourceVersionDate "2021.10.06"]
[SourceQuality "1"]

1. d4 f5 2. c4 e6 3. Nf3 Nf6 4. Bg5 Bb4+ 5. Nbd2 O-O 6. a3 Bxd2+ 7. Nxd2 h6 8. Bf4 d6 9. b4 g5 10. Bxg5 hxg5 11. e3 Ne4 12. Qh5 Kg7 13. Qe2 Nxd2 14. Kxd2 Qf6 15. g3 Bd7 16. Bg2 Nc6 17. Rad1 Rad8 18. f4 e5 19. Kc3 exd4+ 20. exd4 Rde8 21. Qf2 Nd8 22. b5 c5 23. Kb3 Ne6 24. Ka2 Nxd4 25. Rd2 Be6 26. Rc1 Nxb5 27. Bxb7 Rb8 28. a4 Nc3+ 29. Ka3 Bxc4 30. fxg5 Qe5 31. Qf3 d5 32. Rxc3 Rxb7 33. Rd1 Rfb8 34. a5 Rb3+ 35. Rxb3 Rxb3+ 36. Qxb3 Bxb3 37. Kxb3 c4+ 38. Kb4 Qb2+ 39. Kc5 Qa3+ 40. Kb5 Qb3+ 0-1

[Event "Montcalm op 4 2016-17"]
[Site "Quebec CAN"]
[Date "2017.01.26"]
[Round "3"]
[White "Cournoyer, Dominic"]
[Black "Beaudoin, Stephane"]
[Result "1-0"]
[WhiteElo "1923"]
[BlackElo "2105"]
[WhiteFideId "-1"]
[WhiteFideId "-1"]
[PlyCount "75"]
[GameId "2160767908474899"]
[EventDate "2017.01.12"]
[EventType "swiss"]
[EventRounds "5"]
[EventCountry "CAN"]
[SourceTitle "EXT 2022"]
[Source "ChessBase"]
[SourceDate "2021.10.06"]
[SourceVersion "1"]
[SourceVersionDate "2021.10.06"]
[SourceQuality "1"]

1. c4 Nf6 2. Nc3 g6 3. Nf3 Bg7 4. g3 O-O 5. Bg2 d6 6. O-O e5 7. d4 exd4 8. Nxd4 Nbd7 9. Rb1 Re8 10. b3 Nc5 11. Bb2 h5 12. b4 Ncd7 13. Qb3 h4 14. Rbd1 hxg3 15. hxg3 Qe7 16. e3 Ne5 17. Nd5 Nxd5 18. cxd5 Ng4 19. Rc1 Qe5 20. Rc2 Qh5 21. Nf3 Bf5 22. Rd2 Be4 23. Rc1 Bxb2 24. Qxb2 Bxf3 25. Bxf3 Qh2+ 26. Kf1 Ne5 27. Bg2 Re7 28. Rd4 Qh5 29. Rh4 Qg5 30. Qd4 Qf6 31. Ke2 Rae8 32. Rch1 Qg7 33. Rh8+ Qxh8 34. Rxh8+ Kxh8 35. f4 Kg8 36. fxe5 Rxe5 37. Qxa7 b6 38. Qa3 1-0

[Event "Montcalm op 4 2016-17"]
[Site "Quebec CAN"]
[Date "2017.01.26"]
[Round "3"]
[White "Dube, Daniel"]
[Black "Abran, David"]
[Result "0-1"]
[WhiteElo "1838"]
[BlackElo "1856"]
[WhiteFideId "-1"]
[WhiteFideId "-1"]
[PlyCount "132"]
[GameId "2160767908474900"]
[EventDate "2017.01.12"]
[EventType "swiss"]
[EventRounds "5"]
[EventCountry "CAN"]
[SourceTitle "EXT 2022"]
[Source "ChessBase"]
[SourceDate "2021.10.06"]
[SourceVersion "1"]
[SourceVersionDate "2021.10.06"]
[SourceQuality "1"]

1. e4 c5 2. Nf3 a6 3. Nc3 Nc6 4. d4 cxd4 5. Nxd4 e5 6. Nxc6 bxc6 7. Bc4 Nf6 8. O-O d6 9. Bg5 Be7 10. Qd3 Be6 11. Rad1 O-O 12. Bxf6 gxf6 13. Bb3 Kh8 14. f4 Qd7 15. f5 Bxb3 16. axb3 Rg8 17. Rf3 Qa7+ 18. Kh1 Rg7 19. Rg3 Rag8 20. Rxg7 Rxg7 21. Rf1 Rg4 22. g3 Qd4 23. Qxa6 Qd2 24. Qd3 Qh6 25. Kg2 d5 26. h3 dxe4 27. Nxe4 Rg8 28. Qc4 Qe3 29. Rf3 Qe1 30. Rf2 Qe3 31. Qxc6 Bd8 32. Qc4 Bb6 33. Rf1 Rd8 34. h4 Rd4 35. Qc8+ Kg7 36. Nc3 Rd2+ 37. Kh3 Rxc2 38. Qd7 h5 39. Qc6 Qd2 40. Rh1 Qd3 41. Qe4 Rxc3 42. Qxd3 Rxd3 43. b4 Bf2 44. Rc1 Rxg3+ 45. Kh2 Rg4 46. b5 Rb4 47. Rc2 Bxh4 48. Kh3 Bg5 49. Kg3 Rxb5 50. Kf3 Rb4 51. Ke2 Rb3 52. Kf1 Rf3+ 53. Kg2 Rxf5 54. b4 e4 55. Rb2 Rb5 56. Kg3 f5 57. Kh3 f4 58. Kg2 Be7 59. Kh3 Rxb4 60. Rg2+ Kh6 61. Kh2 f3 62. Rg8 Rb2+ 63. Kh1 Bd6 64. Kg1 Bc5+ 65. Kh1 Rb1+ 66. Kh2 f2 0-1

[Event "Montcalm op 4 2016-17"]
[Site "Quebec CAN"]
[Date "2017.01.26"]
[Round "3"]
[White "Genest, Dominic"]
[Black "Dumont, Eric"]
[Result "1-0"]
[WhiteElo "1684"]
[BlackElo "1712"]
[WhiteFideId "-1"]
[WhiteFideId "-1"]
[PlyCount "65"]
[GameId "2160767908474901"]
[EventDate "2017.01.12"]
[EventType "swiss"]
[EventRounds "5"]
[EventCountry "CAN"]
[SourceTitle "EXT 2022"]
[Source "ChessBase"]
[SourceDate "2021.10.06"]
[SourceVersion "1"]
[SourceVersionDate "2021.10.06"]
[SourceQuality "1"]

1. c4 f5 2. g3 Nf6 3. Bg2 e6 4. Nc3 Be7 5. Nf3 c6 6. O-O O-O 7. b3 d5 8. d4 Nbd7 9. Ng5 Ne4 10. Ncxe4 fxe4 11. Nxe6 Qe8 12. Nc7 Qg6 13. Nxa8 Bd6 14. cxd5 cxd5 15. Qc2 Nf6 16. Nc7 Bf5 17. Nb5 Bb8 18. Qd2 h6 19. f3 Bxg3 20. hxg3 Qxg3 21. Qf4 Qg6 22. Qh2 Rc8 23. Nd6 Rc2 24. Nxf5 Qxf5 25. fxe4 Qg4 26. Rxf6 gxf6 27. Qb8+ Kf7 28. Qxb7+ Kg6 29. Qxd5 Kg7 30. e5 Rxe2 31. exf6+ Kh8 32. Qd8+ Kh7 33. Qc7+ 1-0

[Event "Montcalm op 4 2016-17"]
[Site "Quebec CAN"]
[Date "2017.01.26"]
[Round "3"]
[White "Lamontagne, Danny"]
[Black "Auger, Bertrand"]
[Result "0-1"]
[WhiteElo "1917"]
[BlackElo "2008"]
[WhiteFideId "-1"]
[WhiteFideId "-1"]
[PlyCount "86"]
[GameId "2160767908474902"]
[EventDate "2017.01.12"]
[EventType "swiss"]
[EventRounds "5"]
[EventCountry "CAN"]
[SourceTitle "EXT 2022"]
[Source "ChessBase"]
[SourceDate "2021.10.06"]
[SourceVersion "1"]
[SourceVersionDate "2021.10.06"]
[SourceQuality "1"]

1. e4 e6 2. d4 d5 3. Nc3 dxe4 4. Nxe4 Bd7 5. Nf3 Bc6 6. Bd3 Nd7 7. O-O Ngf6 8. Ng3 Be7 9. c3 h6 10. Re1 O-O 11. a3 Re8 12. b4 b5 13. Qe2 a6 14. Bd2 Bf8 15. Ne5 Nxe5 16. dxe5 Qd5 17. f3 Red8 18. exf6 Qxd3 19. Bf4 Qxe2 20. Rxe2 Rd7 21. Nh5 g6 22. Ng3 Rad8 23. Kf2 Bd5 24. Rd2 c5 25. Rad1 cxb4 26. cxb4 a5 27. Rd4 axb4 28. axb4 Ra7 29. Nf1 g5 30. Be5 Ra2+ 31. Kg3 Ra3 32. h4 Kh7 33. hxg5 hxg5 34. Rg4 Kg6 35. Rdd4 Bd6 36. Bxd6 Rxd6 37. Nd2 Rc6 38. Ne4 Bxe4 39. Rgxe4 Kxf6 40. Kg4 Rc2 41. g3 Rcc3 42. Rd7 Rxf3 43. Re2 Rxg3+ 0-1

[Event "Montcalm op 4 2016-17"]
[Site "Quebec CAN"]
[Date "2017.01.26"]
[Round "3"]
[White "Lapierre, Gaetan"]
[Black "Cummins, Paul"]
[Result "1-0"]
[WhiteElo "1942"]
[BlackElo "1735"]
[WhiteFideId "-1"]
[WhiteFideId "-1"]
[PlyCount "83"]
[GameId "2160767908474903"]
[EventDate "2017.01.12"]
[EventType "swiss"]
[EventRounds "5"]
[EventCountry "CAN"]
[SourceTitle "EXT 2022"]
[Source "ChessBase"]
[SourceDate "2021.10.06"]
[SourceVersion "1"]
[SourceVersionDate "2021.10.06"]
[SourceQuality "1"]

1. e4 e5 2. Nf3 Nc6 3. Bb5 a6 4. Bxc6 dxc6 5. d4 exd4 6. Qxd4 Qxd4 7. Nxd4 c5 8. Ne2 Bd7 9. Bf4 O-O-O 10. Nd2 Bc6 11. f3 Be7 12. O-O-O Nf6 13. Ng3 Nd7 14. Nc4 b5 15. Ne5 Nxe5 16. Bxe5 f6 17. Bf4 g6 18. Rxd8+ Rxd8 19. Rd1 c4 20. Rxd8+ Kxd8 21. Ne2 Bd7 22. Nc3 c6 23. Kd2 Be6 24. Ne2 Kd7 25. c3 c5 26. Ng3 Kc6 27. Nf1 a5 28. Ne3 Bd8 29. g4 b4 30. h3 Bf7 31. Bg3 Bg8 32. h4 Bf7 33. f4 a4 34. g5 fxg5 35. hxg5 Be7 36. Ke2 Bf8 37. f5 h6 38. Ng4 Kd7 39. gxh6 gxf5 40. h7 Bg7 41. Be5 Bg6 42. Bxg7 1-0

[Event "Montcalm op 4 2016-17"]
[Site "Quebec CAN"]
[Date "2017.01.26"]
[Round "3"]
[White "Pare, Marc"]
[Black "Lessard, Claude"]
[Result "1-0"]
[WhiteElo "2055"]
[BlackElo "2174"]
[WhiteFideId "-1"]
[WhiteFideId "-1"]
[PlyCount "93"]
[GameId "2160767908474904"]
[EventDate "2017.01.12"]
[EventType "swiss"]
[EventRounds "5"]
[EventCountry "CAN"]
[SourceTitle "EXT 2022"]
[Source "ChessBase"]
[SourceDate "2021.10.06"]
[SourceVersion "1"]
[SourceVersionDate "2021.10.06"]
[SourceQuality "1"]

1. e4 c5 2. Nf3 d6 3. c3 Nf6 4. e5 Nd5 5. exd6 exd6 6. d4 Be7 7. Bd3 Nc6 8. O-O O-O 9. h3 cxd4 10. Nxd4 Nxd4 11. cxd4 Nb4 12. Nc3 Nxd3 13. Qxd3 Re8 14. Re1 d5 15. Qb5 Be6 16. Qxb7 Qd6 17. Qb5 Rab8 18. Qe2 Qb4 19. Bf4 Rb7 20. Qd3 Rc8 21. Re2 Bf6 22. Rd1 Rb6 23. Kh2 h6 24. Be5 Bxe5+ 25. dxe5 Rd8 26. Qd4 a5 27. a3 Qb3 28. Rd3 Rc6 29. Ne4 Qb8 30. Nc5 Rdc8 31. b4 axb4 32. axb4 Qb5 33. Rb2 Rb8 34. Rdb3 Kf8 35. Nxe6+ fxe6 36. Rf3+ Kg8 37. Qg4 Re8 38. Rg3 Rc7 39. Qg6 Kh8 40. Rg4 Ree7 41. Ra2 Rc8 42. Ra5 Qb8 43. f4 Qxb4 44. Ra6 Rce8 45. Rxe6 Qb7 46. Rd6 Ra8 47. f5 1-0

[Event "Montcalm op 4 2016-17"]
[Site "Quebec CAN"]
[Date "2017.01.26"]
[Round "3"]
[White "Sarra-Bournet, Marc"]
[Black "Dube, Dominic"]
[Result "0-1"]
[WhiteElo "1860"]
[BlackElo "1898"]
[WhiteFideId "-1"]
[WhiteFideId "-1"]
[PlyCount "64"]
[GameId "2160767908474905"]
[EventDate "2017.01.12"]
[EventType "swiss"]
[EventRounds "5"]
[EventCountry "CAN"]
[SourceTitle "EXT 2022"]
[Source "ChessBase"]
[SourceDate "2021.10.06"]
[SourceVersion "1"]
[SourceVersionDate "2021.10.06"]
[SourceQuality "1"]

1. e4 c6 2. d4 d5 3. Nc3 dxe4 4. Nxe4 Bf5 5. Ng3 Bg6 6. h4 h6 7. Nf3 Nd7 8. h5 Bh7 9. Bd3 Bxd3 10. Qxd3 Ngf6 11. Bd2 e6 12. O-O-O Qc7 13. Rde1 O-O-O 14. Rh4 Bd6 15. Ne4 Nxe4 16. Qxe4 Nf6 17. Qe2 Rd7 18. Ne5 Bxe5 19. dxe5 Nd5 20. Ra4 Kb8 21. Ra3 Rhd8 22. c4 Ne7 23. Ba5 b6 24. Rb3 c5 25. g4 Nc6 26. Bc3 Nd4 27. Bxd4 Rxd4 28. Rc3 Qc6 29. Kb1 Rd2 30. Qf3 Qa4 31. Rcc1 Rxb2+ 32. Kxb2 Rd2+ 0-1

[Event "Montcalm op 4 2016-17"]
[Site "Quebec CAN"]
[Date "2017.01.26"]
[Round "3"]
[White "Stoyanova, Stela"]
[Black "Ripoll, Arthur"]
[Result "1-0"]
[WhiteElo "1533"]
[BlackElo "1722"]
[WhiteFideId "-1"]
[WhiteFideId "-1"]
[PlyCount "93"]
[GameId "2160767908474906"]
[EventDate "2017.01.12"]
[EventType "swiss"]
[EventRounds "5"]
[EventCountry "CAN"]
[SourceTitle "EXT 2022"]
[Source "ChessBase"]
[SourceDate "2021.10.06"]
[SourceVersion "1"]
[SourceVersionDate "2021.10.06"]
[SourceQuality "1"]

1. d3 e5 2. e4 Nf6 3. Nc3 h6 4. Be2 Bb4 5. Nh3 d5 6. Bd2 d4 7. Nb5 Bxd2+ 8. Kxd2 Bxh3 9. gxh3 Qd7 10. c4 a6 11. Qa4 Nc6 12. b3 O-O 13. Nxc7 Qxc7 14. Qa3 Qe7 15. Qxe7 Nxe7 16. Rag1 Rfc8 17. Rg3 b5 18. Rhg1 g6 19. Rf1 bxc4 20. bxc4 Rab8 21. Kc2 Rb6 22. Rgg1 Rcb8 23. Rb1 Rxb1 24. Rxb1 Rxb1 25. Kxb1 Kf8 26. Kb2 Nc6 27. Kb3 Ke7 28. c5 h5 29. Kc4 Ke6 30. Bd1 Nd7 31. Ba4 Ne7 32. Kb4 f5 33. f3 g5 34. exf5+ Nxf5 35. Bb3+ Ke7 36. c6 Nb6 37. Kc5 Nc8 38. a4 a5 39. Kb5 Kd6 40. Kxa5 Kxc6 41. Bf7 h4 42. Be6 Nfd6 43. Kb4 Nb6 44. a5 Na8 45. Bb3 Nc7 46. Ba4+ Ndb5 47. Kc4 1-0

[Event "Montcalm op 4 2016-17"]
[Site "Quebec CAN"]
[Date "2017.02.02"]
[Round "4"]
[White "Abran, David"]
[Black "Fecteau, Martin"]
[Result "1/2-1/2"]
[WhiteElo "1856"]
[BlackElo "1900"]
[WhiteFideId "-1"]
[WhiteFideId "-1"]
[PlyCount "79"]
[GameId "2160767908474907"]
[EventDate "2017.01.12"]
[EventType "swiss"]
[EventRounds "5"]
[EventCountry "CAN"]
[SourceTitle "EXT 2022"]
[Source "ChessBase"]
[SourceDate "2021.10.06"]
[SourceVersion "1"]
[SourceVersionDate "2021.10.06"]
[SourceQuality "1"]

1. e4 c5 2. Nf3 d6 3. Bb5+ Nd7 4. d4 cxd4 5. Nxd4 Ngf6 6. f3 a6 7. Be2 g6 8. Be3 Bg7 9. Qd2 h6 10. c4 Ne5 11. Nc3 Nc6 12. O-O-O Bd7 13. g4 Rc8 14. Kb1 Ne5 15. b3 Qc7 16. Rc1 Qb8 17. h3 e6 18. f4 Nc6 19. Rhd1 Nxd4 20. Bxd4 Bc6 21. Bf3 e5 22. Be3 Rd8 23. Bb6 Rd7 24. g5 hxg5 25. fxg5 Nh5 26. Bg4 Re7 27. Qxd6 Qxd6 28. Rxd6 O-O 29. Nd5 Ree8 30. Bd7 Bxd7 31. Rxd7 Nf4 32. Nxf4 exf4 33. Bc5 Rd8 34. Rcd1 Rxd7 35. Rxd7 Re8 36. Be7 f3 37. Bc5 Rxe4 38. Rd3 Re2 39. Rxf3 Rg2 40. Kc1 1/2-1/2